00443 2200169 4500245003900000020002200039250001100061100001200072700001800084650002100102005001900123260007500142041001400217084001000231300002300241336000900264 aTopeng Buatan KakekcHanatrihText a978-602-437-759-5 aCet. 1 aHanatri aDony Setiawan aCerita Bergambar a20240926124502 aJakartabKementrian Pendidikan, Kebudayaan, Riset, dan Teknologic2019 aIndonesia a741.5 a18 hlm. :c29,7 cm atext